<?xml version="1.0" encoding="UTF-8"?>
<collection xmlns="http://www.loc.gov/MARC21/slim">
 <record>
  <leader>03891nab a2200277 i 4500</leader>
  <controlfield tag="001">misc46572</controlfield>
  <controlfield tag="005">20200514120116.0</controlfield>
  <controlfield tag="008">200514s2019    hu      o     0||   zxx d</controlfield>
  <datafield tag="022" ind1=" " ind2=" ">
   <subfield code="a">1215-5233</subfield>
  </datafield>
  <datafield tag="024" ind1="7" ind2=" ">
   <subfield code="a">10.14232/ISKKULT.2019.9.38</subfield>
   <subfield code="2">doi</subfield>
  </datafield>
  <datafield tag="040" ind1=" " ind2=" ">
   <subfield code="a">SZTE Miscellanea Repozitórium</subfield>
   <subfield code="b">hun</subfield>
  </datafield>
  <datafield tag="041" ind1=" " ind2=" ">
   <subfield code="a">zxx</subfield>
  </datafield>
  <datafield tag="100" ind1="1" ind2=" ">
   <subfield code="a">Virág Krisztina</subfield>
  </datafield>
  <datafield tag="245" ind1="1" ind2="0">
   <subfield code="a">Tanulási korláttal küzdő tanulók egyes pszichológiai erőforrásainak vizsgálata</subfield>
   <subfield code="h">[elektronikus dokumentum] /</subfield>
   <subfield code="c"> Virág Krisztina</subfield>
  </datafield>
  <datafield tag="260" ind1=" " ind2=" ">
   <subfield code="a">Szegedi Tudományegyetem, Bölcsészet- és Társadalomtudományi Kar</subfield>
   <subfield code="b">Szeged</subfield>
   <subfield code="c">2019</subfield>
  </datafield>
  <datafield tag="300" ind1=" " ind2=" ">
   <subfield code="a">38-50</subfield>
  </datafield>
  <datafield tag="490" ind1="0" ind2=" ">
   <subfield code="a">Iskolakultúra</subfield>
   <subfield code="v">29 No. 9</subfield>
  </datafield>
  <datafield tag="520" ind1="3" ind2=" ">
   <subfield code="a">Kutatásunk célja annak feltárása volt, hogy a tanulási korláttal küzdő és tanulási korláttal nem küzdő diákok pszichológiai erőforrásai különböznek-e egymástól, és ha igen, akkor mely területeken. Nyilvánvaló, hogy a gyengébb tanulmányi eredmények a tanulási korlátokkal küzdő gyerekek esetében összefüggenek képességeik hiányosságaival, eltérő fejlődési ütemükkel, de feltételeztük, hogy léteznek olyan nem specifikus erőforrásbeli különbségek is, amelyek tovább nehezítik a jó iskolai előmenetelt. Úgy véltük, ha sikerül rámutatni ezekre a nem specifikus pszichológiai hiányosságokra, hátrányokra, akkor a tanulási és kognitív képességek fejlesztése mellett ezek erősítése sokat javíthat a tanulási korlátokkal küzdő diákok iskolai teljesítményén. Kérdőíves vizsgálatunkban tanulási korláttal küzdő (N=51) és tipikusan fejlődő diákok (N=51) (korban, nemben illesztett minta) általános énhatékonyságát, általános és tanulmányi felelősségét, valamint proaktív attitűdjét hasonlítottuk össze. A tanulási korláttal küzdő és tipikus fejlődést mutató tanulók eredményeinek összehasonlításából az látszik, hogy a tanulási korlátokkal küzdők alacsonyabb általános énhatékonysággal, valamint magasabb felelősségérzettel rendelkeznek, mint a kontrollcsoportban szereplő diákok. A két csoport proaktivitása nem tért el szignifikánsan. Eredményeink alapján úgy látjuk, hogy a tanulási korlátok leküzdésének segítésében érdemes nagyobb figyelmet fordítani a pszichológiai erőforrások fejlesztésére, valamint további kutatásokkal feltárni ezek más aspektusait is. In our research we examined the psychological resources of students with learning difficulties and of normally developing students. Our main aim was to explore the psychological resources of children with special needs who require particular attention and treatment in public education. In our study, we examine the general self-efficacy, the general and academic responsibility, as well as the proactive attitude of students with learning difficulties. Furthermore, we compared results of students with learning disability and with learning difficulties (N = 51) and normally developing students (N = 51). Results of the comparison of two groups of students’ scores showed that students with learning difficulties have lower general self-efficacy scores, and have higher scores in sense of responsibility than students in the control group. Based on these findings, we believe that in order to overcome learning difficulties it is important to give more attention to psychological resources and it is necessary to explore all aspects of this issue.</subfield>
  </datafield>
  <datafield tag="650" ind1=" " ind2="4">
   <subfield code="a">Társadalomtudományok</subfield>
  </datafield>
  <datafield tag="650" ind1=" " ind2="4">
   <subfield code="a">Pszichológia</subfield>
  </datafield>
  <datafield tag="650" ind1=" " ind2="4">
   <subfield code="a">Szakpszichológia (benne tanulási, beszéd, hallási, látási, egyéb fizikai vagy pszichológiai fogyatékosságok terápiája)</subfield>
  </datafield>
  <datafield tag="650" ind1=" " ind2="4">
   <subfield code="a">Oktatástudomány</subfield>
  </datafield>
  <datafield tag="695" ind1=" " ind2=" ">
   <subfield code="a">Tanulási zavarok, Pszichológia</subfield>
  </datafield>
  <datafield tag="700" ind1="0" ind2="1">
   <subfield code="a">Dudok Réka</subfield>
   <subfield code="e">aut</subfield>
  </datafield>
  <datafield tag="700" ind1="0" ind2="1">
   <subfield code="a">Szabó Éva</subfield>
   <subfield code="e">aut</subfield>
  </datafield>
  <datafield tag="856" ind1="4" ind2="0">
   <subfield code="u">http://misc.bibl.u-szeged.hu/46572/1/iskolakultura_2019_09_038-050.pdf</subfield>
   <subfield code="z">Dokumentum-elérés </subfield>
  </datafield>
 </record>
</collection>
